000 00398 a2200145 4500
005 20250627153418.0
020 _a0-691-12335-7
082 _a332.63'222'0973(dc22) SHI
100 _aSHILLER, R. J.
245 _aIrritational Exuberance,
250 _a2nd Ed.
260 _aNew York,
_bPrinceton University Press,
_c2005.
300 _axxv, 304p,: ill.; figure, table
_bIndex
_c24cm
942 _2ddc
_cBKS
999 _c5722
_d5722